[Event "Sparkassen-Open A"]
[Site "Heusenstamm, Martinsee"]
[Date "2019.11.23"]
[Round "5.40"]
[White "Küpper, Martin"]
[Black "Gramb, Marius"]
[Result "1-0"]
[WhiteElo "1991"]
[BlackElo "2120"]
[PlyCount "153"]
[EventDate "2019.??.??"]
[WhiteTeam "SC Fulda"]
[BlackTeam "Brühler SK"]

1. Nf3 d5 2. e3 Nf6 3. c4 e6 4. Nc3 c5 5. b3 Be7 6. Bb2 O-O 7. Be2 Nc6 8. cxd5
Nxd5 9. O-O Bf6 10. Rc1 Ndb4 11. d3 Nxa2 12. Nxa2 Bxb2 13. Rxc5 Qe7 14. d4 Ba3
15. Rc4 Bd7 16. Qd2 b5 17. Rc2 Nb4 18. Rc7 Nd5 19. Rb7 Rfb8 20. Rxb8+ Rxb8 21.
Ne5 Be8 22. e4 Bb4 23. Qc1 Ba3 24. Qd2 Nf6 25. b4 a5 26. bxa5 Nxe4 27. Qf4 Nd6
28. Bf3 f6 29. Nd3 b4 30. a6 Rb6 31. Nc5 Qa7 32. Nc1 Bb5 33. Re1 Bxc1 34. Rxc1
Bxa6 35. Na4 b3 36. Nxb6 Qxb6 37. Qd2 Nc4 38. Qc3 b2 39. Rb1 Qb5 40. Be2 Qf5
41. Bd3 Qd5 42. Bxc4 Qxc4 43. Qxc4 Bxc4 44. Rxb2 h5 45. Rb7 h4 46. f4 f5 47.
Kf2 Kh7 48. g3 hxg3+ 49. Kxg3 Kg6 50. Kf2 Bd5 51. Ra7 Kh6 52. Ke3 Be4 53. Ra1
Kg6 54. Rg1+ Kf6 55. Kd2 Bd5 56. Kc3 Bf3 57. Kc4 Bd5+ 58. Kc5 Be4 59. Kd6 Bd5
60. Kd7 Kf7 61. Rg3 Bc4 62. Rc3 Ba2 63. Rc7 Bd5 64. Kd8+ Kf6 65. h4 Kg6 66. Ke8
Kh5 67. Rxg7 Kxh4 68. Ke7 Kh5 69. Kf6 Bc4 70. Ke5 Bd5 71. Rg5+ Kh4 72. Rxf5 Bc4
73. Rg5 Bb3 74. Rg6 Bc4 75. Rxe6 Bxe6 76. Kxe6 Kg4 77. f5 1-0

[Event "Sparkassen-Open A"]
[Site "Heusenstamm, Martinsee"]
[Date "2019.11.23"]
[Round "5.41"]
[White "Foerster-Yialamas, Lucas"]
[Black "Hinrichs, Paul"]
[Result "0-1"]
[WhiteElo "1953"]
[BlackElo "2104"]
[PlyCount "90"]
[EventDate "2019.??.??"]
[WhiteTeam "Frankfurter TV"]
[BlackTeam "SK Bingen"]

1. e4 c5 2. Nf3 a6 3. c4 b6 4. Nc3 Bb7 5. d4 cxd4 6. Nxd4 e6 7. Be2 Qc7 8. O-O
Nf6 9. Qc2 Bb4 10. f3 Bd6 11. f4 Bc5 12. Be3 e5 13. fxe5 Qxe5 14. Rf5 Qe7 15.
Nd5 Bxd5 16. cxd5 g6 17. Rf3 Ng4 18. Rd1 Qe5 19. Qd3 Qxh2+ 20. Kf1 Qh1+ 21. Bg1
Nh2+ 22. Kf2 Nxf3 23. Qxf3 d6 24. b4 Qh4+ 25. g3 Bxd4+ 26. Rxd4 Qe7 27. Kg2 Nd7
28. Rd1 b5 29. Bd4 Ne5 30. Qc3 O-O 31. Bxe5 Qxe5 32. Qxe5 dxe5 33. g4 f5 34.
gxf5 gxf5 35. Kf3 f4 36. Bf1 Rac8 37. Rd3 Rc2 38. d6 Kf7 39. Rd5 Rc3+ 40. Kf2
Ke6 41. Kg1 Rd8 42. Be2 f3 43. Bf1 f2+ 44. Kxf2 Rxd6 45. Rxd6+ Kxd6 0-1

[Event "Sparkassen-Open A"]
[Site "Heusenstamm, Martinsee"]
[Date "2019.11.23"]
[Round "5.42"]
[White "Hagner, Bennet"]
[Black "Köllner, Aaron Noah"]
[Result "1/2-1/2"]
[WhiteElo "1890"]
[BlackElo "2094"]
[PlyCount "159"]
[EventDate "2019.??.??"]
[WhiteTeam "Frankfurter TV"]
[BlackTeam "SV Bergneustadt/Derschlag"]

1. e4 c5 2. Nf3 e6 3. d4 cxd4 4. Nxd4 Nc6 5. Nc3 Qc7 6. Be3 a6 7. Qf3 Bd6 8.
O-O-O Be5 9. g3 Nf6 10. Qe2 b5 11. f4 Bxd4 12. Bxd4 Nxd4 13. Rxd4 Qc5 14. Qd2
Bb7 15. Bg2 O-O 16. Rd1 e5 17. fxe5 Qxe5 18. Qf4 Rfe8 19. Qxe5 Rxe5 20. Bh3 Bc6
21. a4 Rh5 22. Bf1 Rxh2 23. e5 Nh5 24. Nd5 Nxg3 25. Nb6 Re8 26. Nxd7 Nxf1 27.
Rxf1 h5 28. Rf5 b4 29. b3 Rc8 30. Nb6 Rc7 31. Rc4 Bd7 32. Rxh5 Rxh5 33. Rxc7
Be6 34. Nc4 g5 35. Kd2 Rh2+ 36. Kd1 g4 37. Ne3 g3 38. Ke1 Rh4 39. Rc5 Re4 40.
Kd2 Kg7 41. Kd3 Rf4 42. c3 Bxb3 43. cxb4 Bxa4 44. e6 fxe6 45. Rg5+ Kf6 46. Rxg3
Rxb4 47. Rf3+ Ke5 48. Nc4+ Kd5 49. Ne3+ Kc5 50. Rf6 e5 51. Re6 Bb5+ 52. Kc3 Re4
53. Nc2 a5 54. Rh6 Rc4+ 55. Kd2 Rg4 56. Rh5 Rg2+ 57. Kc3 Rg3+ 58. Kd2 Kd5 59.
Ne3+ Ke4 60. Rh4+ Kf3 61. Rh5 Rg8 62. Rxe5 Rd8+ 63. Kc3 Bc6 64. Nc4 a4 65. Re6
Bb5 66. Kb4 Be8 67. Rxe8 Rxe8 68. Kxa4 Rb8 69. Ka5 Ke4 70. Nb6 Kd4 71. Kb5 Rh8
72. Kc6 Rh6+ 73. Kb5 Rh5+ 74. Kc6 Rc5+ 75. Kd6 Rc1 76. Nd7 Ra1 77. Nc5 Rh1 78.
Ne6+ Ke4 79. Nc5+ Kd4 80. Ne6+ 1/2-1/2

[Event "Sparkassen-Open A"]
[Site "Heusenstamm, Martinsee"]
[Date "2019.11.23"]
[Round "5.43"]
[White "Reitz, Theresa"]
[Black "Rempeli, Alex"]
[Result "0-1"]
[WhiteElo "1901"]
[BlackElo "2076"]
[PlyCount "80"]
[EventDate "2019.??.??"]
[WhiteTeam "VfR-SC Koblenz"]
[BlackTeam "SF Deizisau"]

1. Nf3 d5 2. g3 g6 3. Bg2 Bg7 4. d4 Nd7 5. O-O Ngf6 6. c4 dxc4 7. Na3 Nb6 8.
Ne5 Ng4 9. Nxg4 Bxg4 10. Bxb7 Rb8 11. Bc6+ Kf8 12. Bf4 Nd5 13. Bxd5 Qxd5 14.
Qc2 Bh3 15. e4 Qxd4 16. Rfd1 Qc5 17. Nxc4 Be6 18. Rac1 f5 19. e5 Kf7 20. b3
Rhd8 21. Be3 Qb5 22. f4 Qb7 23. Nd2 Qa6 24. Kf2 Rd7 25. Nf3 Bd5 26. Nd4 e6 27.
Qe2 Qb7 28. Rc3 Bf8 29. Nf3 Kg8 30. Rcd3 Rbd8 31. R3d2 Bb4 32. Rd4 Bc3 33. Rxd5
Rxd5 34. Rxd5 Qxd5 35. Qc4 Ba5 36. Nd4 Kf7 37. h3 Bb6 38. a3 a5 39. h4 Qb7 40.
Nc2 Rd2+ 0-1

[Event "Sparkassen-Open A"]
[Site "Heusenstamm, Martinsee"]
[Date "2019.11.23"]
[Round "5.44"]
[White "Nickel, Rüdiger"]
[Black "Bardorz, Jana"]
[Result "0-1"]
[WhiteElo "2075"]
[BlackElo "1932"]
[PlyCount "94"]
[EventDate "2019.??.??"]
[WhiteTeam "SK Dinkelsbühl"]
[BlackTeam "TSV Rottendorf"]

1. e4 e5 2. Nf3 Nc6 3. Bc4 Nf6 4. d3 Bc5 5. O-O d6 6. c3 a6 7. a4 Ba7 8. Na3 h6
9. Nc2 O-O 10. Be3 Ne7 11. Bxa7 Rxa7 12. d4 Ng6 13. dxe5 dxe5 14. Qxd8 Rxd8 15.
Rfd1 Rxd1+ 16. Rxd1 Bd7 17. Bb3 Ra8 18. Ne3 Bc6 19. Nd5 Nxe4 20. Bc2 Nf6 21.
Nxc7 Rc8 22. Bxg6 fxg6 23. Ne6 Bd5 24. Nd8 Rxd8 25. c4 e4 26. Ne1 Kf7 27. cxd5
Rxd5 28. Rc1 Ke6 29. Rc4 Rd2 30. Rb4 Rd7 31. Kf1 Ke5 32. Ke2 Nd5 33. Rb3 Nf4+
34. Kf1 Rd1 35. Re3 Nd3 36. f3 Rxe1+ 37. Rxe1 Nxe1 38. Kxe1 exf3 39. gxf3 Kf4
40. Ke2 g5 41. b4 b5 42. axb5 axb5 43. Kf2 h5 44. Ke2 h4 45. Kf2 g4 46. fxg4
Kxg4 47. Kg2 g5 0-1

[Event "Sparkassen-Open A"]
[Site "Heusenstamm, Martinsee"]
[Date "2019.11.23"]
[Round "5.45"]
[White "Boder, Jan"]
[Black "Thomas, Tobias"]
[Result "1-0"]
[WhiteElo "2067"]
[BlackElo "1907"]
[PlyCount "71"]
[EventDate "2019.??.??"]
[WhiteTeam "SC ML Kastellaun"]
[BlackTeam "SK Langen"]

1. c4 Nf6 2. g3 c5 3. Bg2 d5 4. cxd5 Nxd5 5. Nf3 Nc6 6. d4 cxd4 7. Nxd4 e5 8.
Nxc6 bxc6 9. O-O Be6 10. b3 Qc7 11. Bb2 Be7 12. Nd2 O-O 13. Rc1 Rac8 14. Qc2 f6
15. Rfd1 Rfd8 16. a3 Nb6 17. Ne4 Rxd1+ 18. Rxd1 c5 19. Nc3 c4 20. b4 Rd8 21.
Bc1 Rd7 22. Kf1 Qd8 23. Ke1 g6 24. Be3 Bf5 25. Rxd7 Qxd7 26. Qd2 Kf8 27. Qxd7
Bxd7 28. Kd2 Kf7 29. Bxb6 axb6 30. Bd5+ Be6 31. e4 f5 32. f3 Bxd5 33. Nxd5 Bd8
34. a4 Ke6 35. Kc3 g5 36. g4 1-0

[Event "Sparkassen-Open A"]
[Site "Heusenstamm, Martinsee"]
[Date "2019.11.23"]
[Round "5.46"]
[White "Michels, Fabio"]
[Black "Olesiak, Marcin"]
[Result "0-1"]
[WhiteElo "1800"]
[BlackElo "2021"]
[PlyCount "98"]
[EventDate "2019.??.??"]
[WhiteTeam "SC ML Kastellaun"]
[BlackTeam "SV Oberursel"]

1. c4 c5 2. Nc3 b6 3. e4 Bb7 4. Nf3 d6 5. a3 Nf6 6. Bd3 e6 7. O-O Nc6 8. Bc2
Be7 9. d4 cxd4 10. Nxd4 O-O 11. Be3 Rc8 12. Qe2 Qc7 13. Ndb5 Qb8 14. Rfd1 Ne5
15. b3 a6 16. Nd4 Qa8 17. Nf3 Nxf3+ 18. Qxf3 b5 19. Bd3 bxc4 20. Bxc4 Nxe4 21.
Nxe4 Bxe4 22. Qg4 Bf5 23. Qf4 Bg6 24. h4 a5 25. Rac1 d5 26. Be2 h6 27. Qg3 h5
28. Bd4 Rxc1 29. Rxc1 Qd8 30. Bc5 Bxh4 31. Qc3 Bf6 32. Qd2 Bg5 33. f4 Be7 34.
Bxe7 Qxe7 35. Qxa5 Qb7 36. Qb5 Qa7+ 37. Qc5 Qb8 38. b4 Qxf4 39. b5 d4 40. b6
Qe3+ 41. Kf1 Be4 42. Ba6 Qg3 43. Qc7 Qxg2+ 44. Ke1 d3 45. Bxd3 Bxd3 46. Qe5
Qg1+ 47. Kd2 Qxb6 48. Kxd3 Qa6+ 49. Ke4 Qe2+ 0-1

[Event "Sparkassen-Open A"]
[Site "Heusenstamm, Martinsee"]
[Date "2019.11.23"]
[Round "5.47"]
[White "Asadzade, Idris"]
[Black "Halabi, Ibrahim"]
[Result "1-0"]
[WhiteElo "2166"]
[BlackElo "1869"]
[PlyCount "58"]
[EventDate "2019.??.??"]
[WhiteTeam "Königsspringer Leverkusen"]
[BlackTeam "SK Frankenthal"]

1. d4 d5 2. c4 c6 3. Nc3 e6 4. e4 dxe4 5. Nxe4 Bb4+ 6. Nc3 c5 7. Be3 Nc6 8.
Nge2 Nf6 9. dxc5 Qe7 10. Qd6 Ng4 11. O-O-O Nxe3 12. fxe3 Bxc5 13. Qxe7+ Kxe7
14. Nd4 Bd7 15. Be2 Rhd8 16. Rhe1 Be8 17. Nxc6+ Bxc6 18. Bf3 Rxd1+ 19. Kxd1
Rd8+ 20. Kc2 Rc8 21. b3 Bb4 22. Rd1 a6 23. Rd3 b5 24. Bxc6 Rxc6 25. cxb5 axb5
26. Kb2 Rb6 27. Ne4 f5 28. Rd4 Be1 29. Nc3 Bh4 1-0

[Event "Sparkassen-Open A"]
[Site "Heusenstamm, Martinsee"]
[Date "2019.11.23"]
[Round "5.48"]
[White "Henrich, Thomas"]
[Black "Haack, Kevin"]
[Result "1-0"]
[WhiteElo "2163"]
[BlackElo "1978"]
[PlyCount "89"]
[EventDate "2019.??.??"]
[WhiteTeam "SK Marburg"]
[BlackTeam "SC Bad Soden"]

1. e4 c5 2. Nf3 d6 3. d4 cxd4 4. Nxd4 Nf6 5. Nc3 a6 6. Bc4 e6 7. O-O Be7 8. Qf3
O-O 9. Qg3 Qc7 10. Bb3 Kh8 11. Re1 Nc6 12. Nxc6 Qxc6 13. f4 Nd7 14. Be3 Bf6 15.
Rad1 b5 16. Bd4 Bxd4+ 17. Rxd4 Nc5 18. Red1 Rd8 19. Qh4 Bb7 20. R1d2 Qb6 21.
Kh1 a5 22. e5 a4 23. Rxd6 Rxd6 24. Rxd6 Bc6 25. Bd5 exd5 26. Nxd5 Qb7 27. Rd8+
Be8 28. Rxa8 Qxa8 29. Qe7 Ne6 30. Nc7 Qd8 31. Qxd8 Nxd8 32. Nxe8 Ne6 33. g3 Nd4
34. c3 Ne2 35. Nd6 a3 36. bxa3 Nxc3 37. Nxf7+ Kg8 38. Nd6 Kf8 39. Kg2 Ke7 40.
Nf5+ Ke6 41. Nxg7+ Kd5 42. e6 Kd6 43. f5 Ke7 44. g4 Nxa2 45. g5 1-0

[Event "Sparkassen-Open A"]
[Site "Heusenstamm, Martinsee"]
[Date "2019.11.23"]
[Round "5.49"]
[White "Gallasch, Jonas"]
[Black "Rutsatz, Mario"]
[Result "1-0"]
[WhiteElo "2160"]
[BlackElo "1978"]
[PlyCount "81"]
[EventDate "2019.??.??"]
[WhiteTeam "SG Porz"]
[BlackTeam "SF Frankfurt"]

1. d4 Nf6 2. c4 g6 3. Nc3 d5 4. Nf3 Bg7 5. Qb3 dxc4 6. Qxc4 O-O 7. e4 Bg4 8.
Be2 Nfd7 9. Be3 Nb6 10. Qd3 Nc6 11. Rd1 f5 12. Ng5 fxe4 13. Qc2 Bxe2 14. Nxe2
Qd5 15. Qxe4 Qxe4 16. Nxe4 Nc4 17. Nc5 Nxb2 18. Rb1 Nc4 19. Ne6 Rfc8 20. Rxb7
Rab8 21. Rxb8 Rxb8 22. O-O Rb2 23. Nc1 Nxe3 24. fxe3 Bh6 25. Kh1 Nb4 26. g4 Nd5
27. g5 Nxe3 28. Re1 Ng2 29. Rg1 Nh4 30. gxh6 Nf3 31. Rg2 Rb1 32. Rc2 Kf7 33. d5
Kf6 34. Rf2 Rxc1+ 35. Kg2 Ke5 36. Rxf3 Kxd5 37. Ng5 e5 38. Nxh7 e4 39. Nf6+ Ke5
40. Nxe4 Rb1 41. Ng5 1-0

[Event "Sparkassen-Open A"]
[Site "Heusenstamm, Martinsee"]
[Date "2019.11.23"]
[Round "5.50"]
[White "Jansen, Dirk Norbert"]
[Black "Papadopoulos, Ioannis"]
[Result "1/2-1/2"]
[WhiteElo "2150"]
[BlackElo "1944"]
[PlyCount "74"]
[EventDate "2019.??.??"]
[WhiteTeam "SVG Plettenberg"]
[BlackTeam "SV Oberursel"]

1. e4 c5 2. Nf3 d6 3. d4 cxd4 4. Nxd4 Nf6 5. Nc3 a6 6. Bg5 e6 7. f4 Qb6 8. Qd2
Nc6 9. Nxc6 bxc6 10. Be2 Rb8 11. Bh4 d5 12. Bf2 Bc5 13. Bxc5 Qxc5 14. e5 Nd7
15. Na4 Qb4 16. b3 g5 17. g3 gxf4 18. gxf4 Rg8 19. Qxb4 Rxb4 20. c4 f6 21. exf6
Nxf6 22. Nc5 dxc4 23. Bxc4 Nd5 24. f5 Ne3 25. Nd3 Rxc4 26. bxc4 Nc2+ 27. Kf2
Nxa1 28. Rxa1 Rf8 29. Ke3 Rxf5 30. Rg1 Kf7 31. Ke4 c5 32. Rb1 a5 33. Rb8 Ba6
34. Ne5+ Kf6 35. Rf8+ Kg5 36. Rg8+ Kf6 37. Rf8+ Kg5 1/2-1/2

[Event "Sparkassen-Open A"]
[Site "Heusenstamm, Martinsee"]
[Date "2019.11.23"]
[Round "5.51"]
[White "Kalepky, Helmut"]
[Black "Steinle, Carsten"]
[Result "0-1"]
[WhiteElo "1973"]
[BlackElo "2137"]
[PlyCount "66"]
[EventDate "2019.??.??"]
[WhiteTeam "SF Heidesheim"]
[BlackTeam "SV Ahlen"]

1. d4 Nf6 2. Nf3 d6 3. Bf4 c6 4. e3 Bg4 5. Nbd2 Nbd7 6. Be2 Qc7 7. h3 Bf5 8.
Nh4 Bg6 9. Nxg6 hxg6 10. c3 e5 11. Bh2 Be7 12. Qc2 Nf8 13. Nc4 N8d7 14. a4 b6
15. Bf3 Rc8 16. dxe5 dxe5 17. Nd2 Nc5 18. b4 Ncd7 19. Qb2 Qd6 20. Rd1 Qe6 21.
Qb3 Qxb3 22. Nxb3 e4 23. Be2 Nd5 24. Kd2 Bf6 25. Nd4 Ne5 26. Kc2 O-O 27. b5
cxb5 28. Nxb5 Nxc3 29. Nxc3 Nd3 30. Bxd3 Rxc3+ 31. Kd2 Rxd3+ 32. Ke2 Ra3 33.
Bd6 Ra2+ 0-1

[Event "Sparkassen-Open A"]
[Site "Heusenstamm, Martinsee"]
[Date "2019.11.23"]
[Round "5.52"]
[White "Kuhn, Gerhard"]
[Black "Eckert, Marius"]
[Result "0-1"]
[WhiteElo "1963"]
[BlackElo "2086"]
[PlyCount "72"]
[EventDate "2019.??.??"]
[WhiteTeam "SK Marburg"]
[BlackTeam "SV Waltrop"]

1. e4 e5 2. Nf3 Nc6 3. Bc4 Nf6 4. d3 Be7 5. O-O O-O 6. c3 d6 7. Nbd2 Na5 8. Bb5
a6 9. Ba4 b5 10. Bc2 c5 11. Re1 Nc6 12. Nf1 Qc7 13. h3 Ne8 14. Ng3 g6 15. Bh6
Ng7 16. Nh2 Nd8 17. Qd2 f6 18. a4 Rb8 19. Ng4 Nf7 20. Bxg7 Kxg7 21. Ne3 Be6 22.
axb5 axb5 23. d4 cxd4 24. cxd4 Qb7 25. d5 Bd7 26. b4 Bd8 27. Bb3 Bb6 28. Ne2
Nh6 29. g4 f5 30. g5 Nf7 31. exf5 Nxg5 32. Kg2 gxf5 33. Nc3 Bd4 34. Ned1 f4 35.
h4 Bh3+ 36. Kg1 Nf3+ 0-1

[Event "Sparkassen-Open A"]
[Site "Heusenstamm, Martinsee"]
[Date "2019.11.23"]
[Round "5.53"]
[White "Berberich, Christoph"]
[Black "Englert, Jon"]
[Result "1/2-1/2"]
[WhiteElo "1958"]
[BlackElo "2117"]
[PlyCount "91"]
[EventDate "2019.??.??"]
[WhiteTeam "SGEM Dreisamtal"]
[BlackTeam "TV-Großostheim"]

1. d4 Nf6 2. Nf3 g6 3. c4 Bg7 4. Nc3 d5 5. cxd5 Nxd5 6. e4 Nxc3 7. bxc3 c5 8.
Rb1 O-O 9. Qd2 Nd7 10. Be2 e5 11. dxe5 Nxe5 12. Nxe5 Bxe5 13. f4 Qxd2+ 14. Bxd2
Bg7 15. Kf2 b6 16. e5 Rd8 17. Rhd1 Bf5 18. Rb2 Bd3 19. Be1 Bxe2 20. Kxe2 Rxd1
21. Kxd1 f6 22. exf6 Bxf6 23. a4 Kf7 24. a5 Rd8+ 25. Kc2 Re8 26. axb6 axb6 27.
Bd2 Re2 28. Rxb6 Rxg2 29. Rb7+ Be7 30. h4 h5 31. c4 Ke6 32. Kd3 Bxh4 33. Be3
Be7 34. Ke4 h4 35. Rb6+ Kf7 36. Rb7 Ke8 37. Rb8+ Kd7 38. Rb7+ Kd8 39. Rb8+ Kc7
40. Rh8 Kd6 41. f5 gxf5+ 42. Kxf5 Rc2 43. Rh6+ Kd7 44. Rh7 Kd8 45. Rh8+ Kd7 46.
Rh7 1/2-1/2

[Event "Sparkassen-Open A"]
[Site "Heusenstamm, Martinsee"]
[Date "2019.11.23"]
[Round "5.54"]
[White "Surányi, Pál"]
[Black "Browning, Rebecca"]
[Result "1-0"]
[WhiteElo "2102"]
[BlackElo "1895"]
[PlyCount "109"]
[EventDate "2019.??.??"]
[WhiteTeam "SC Remagen-Sinzig"]
[BlackTeam "MS Halver-Schalksmühle"]

1. d4 d5 2. c4 c6 3. Nc3 Nf6 4. e3 g6 5. g3 Bg7 6. Bg2 dxc4 7. Nge2 O-O 8. a4
Nbd7 9. a5 Qc7 10. Qa4 e5 11. Qxc4 exd4 12. exd4 Re8 13. O-O Nf8 14. d5 Bd7 15.
a6 Rac8 16. axb7 Qxb7 17. dxc6 Bxc6 18. Bxc6 Qxc6 19. Qxc6 Rxc6 20. Rxa7 Ne4
21. Nxe4 Rxe4 22. Nc3 Bxc3 23. bxc3 Rxc3 24. Bh6 Re8 25. Rb1 Ne6 26. Rbb7 Rf3
27. Kg2 Rf6 28. h4 Ng7 29. Bg5 Rf5 30. g4 Rd5 31. Rxf7 Ne6 32. Bh6 Rd4 33. f3
g5 34. Bxg5 Nxg5 35. hxg5 Re2+ 36. Kg3 Rdd2 37. Rg7+ Kf8 38. Rxh7 Rg2+ 39. Kf4
Kg8 40. g6 Rd4+ 41. Ke5 Rd8 42. Rag7+ Kf8 43. Rh8+ Kxg7 44. Rxd8 Kxg6 45. Rd6+
Kg5 46. f4+ Kh4 47. Rh6+ Kg3 48. g5 Kg4 49. g6 Re2+ 50. Kf6 Ra2 51. Rh1 Ra6+
52. Kf7 Ra7+ 53. Kg8 Kf5 54. g7 Kg6 55. Kh8 1-0

[Event "Sparkassen-Open A"]
[Site "Heusenstamm, Martinsee"]
[Date "2019.11.23"]
[Round "5.55"]
[White "Heindrich, Mark"]
[Black "Stock, Jürgen"]
[Result "1-0"]
[WhiteElo "2096"]
[BlackElo "1895"]
[PlyCount "93"]
[EventDate "2019.??.??"]
[WhiteTeam "TuS Dotzheim"]
[BlackTeam "Sfr. Kelkheim"]

1. e4 e6 2. d4 d5 3. Nc3 Nf6 4. e5 Nfd7 5. Nf3 c5 6. dxc5 Nc6 7. Bf4 Bxc5 8.
Bd3 f6 9. exf6 Nxf6 10. Qe2 O-O 11. O-O-O a6 12. Ne5 Nxe5 13. Bxe5 b5 14. Qf3
Ra7 15. Qg3 b4 16. Ne2 Nh5 17. Qg4 Nf6 18. Qh4 Bd6 19. f4 Qc7 20. Bxd6 Qxd6 21.
Rhe1 a5 22. Nd4 Bd7 23. Re5 h6 24. Rde1 Re8 25. Bg6 Re7 26. Nf5 Qc5 27. Nxe7+
Qxe7 28. f5 Rc7 29. fxe6 Bb5 30. Qf2 a4 31. Qb6 Rb7 32. Qd4 b3 33. axb3 a3 34.
bxa3 Qxa3+ 35. Qb2 Qe7 36. g4 Rb8 37. g5 hxg5 38. Rxg5 Qb4 39. Reg1 Qf4+ 40.
Kb1 d4 41. Bf7+ Kh8 42. Rxg7 Nd5 43. R7g4 Nc3+ 44. Qxc3 Qxg4 45. Rxg4 dxc3 46.
Rb4 Kg7 47. h4 1-0

[Event "Sparkassen-Open A"]
[Site "Heusenstamm, Martinsee"]
[Date "2019.11.23"]
[Round "5.56"]
[White "Iliev, Mustafa Batuhan"]
[Black "Kolker, Vladislav"]
[Result "1-0"]
[WhiteElo "2017"]
[BlackElo "1911"]
[PlyCount "57"]
[EventDate "2019.??.??"]
[WhiteTeam "SV Großauheim"]
[BlackTeam "SC Bad Nauheim"]

1. e4 e5 2. Nf3 Nc6 3. Bc4 Nf6 4. d3 Be7 5. Nc3 d6 6. a4 O-O 7. a5 a6 8. O-O
Kh8 9. h3 Ng8 10. Nd5 f5 11. c3 Nf6 12. Re1 fxe4 13. dxe4 Nxd5 14. Bxd5 Qe8 15.
Qe2 Qh5 16. Nh2 Qxe2 17. Rxe2 Nd8 18. Nf1 Be6 19. Ne3 c6 20. Bc4 Bg5 21. Bxe6
Nxe6 22. Nc4 Be7 23. Be3 Nc7 24. Rd1 Ne8 25. Red2 Kg8 26. f3 Kf7 27. f4 Ke6 28.
fxe5 dxe5 29. Nb6 1-0

[Event "Sparkassen-Open A"]
[Site "Heusenstamm, Martinsee"]
[Date "2019.11.23"]
[Round "5.57"]
[White "Ahmad, Momin"]
[Black "Waffenschmidt, Joachim"]
[Result "0-1"]
[WhiteElo "1918"]
[BlackElo "2042"]
[PlyCount "116"]
[EventDate "2019.??.??"]
[WhiteTeam "SK Ottenau"]
[BlackTeam "SV Hofheim"]

1. e4 c5 2. Nf3 d6 3. d4 cxd4 4. Nxd4 Nf6 5. f3 e5 6. Nb3 Be6 7. c4 Nbd7 8. Be3
Qc7 9. Na3 a6 10. Be2 Be7 11. Qd2 O-O 12. O-O Nc5 13. Rac1 Nfd7 14. Na1 b6 15.
b4 Nb7 16. Nb3 g6 17. Rfd1 f5 18. Nb1 a5 19. a3 g5 20. g3 fxe4 21. fxe4 axb4
22. axb4 Nf6 23. Nc3 Qc6 24. b5 Qc7 25. Nd5 Bxd5 26. cxd5 Nc5 27. Nxc5 bxc5 28.
Bf3 Ra5 29. Qd3 Rb8 30. Rb1 Qb7 31. Be2 Ra4 32. Bf3 Bd8 33. Bxg5 Rd4 34. Qc2
Qb6 35. Bxf6 Bxf6 36. Rxd4 exd4 37. Kh1 Ra8 38. Qb3 h5 39. g4 h4 40. g5 Be5 41.
Bg4 Kg7 42. Be6 Rf8 43. Qa2 d3 44. Qa6 Rb8 45. Qa2 Rf8 46. Qa6 Qd8 47. Qb7+ Kh8
48. Bh3 Rf2 49. Qc8 Qxc8 50. Bxc8 c4 51. b6 Rxh2+ 52. Kg1 Rb2 53. Rxb2 Bxb2 54.
b7 Bd4+ 55. Kf1 Ba7 56. Ke1 c3 57. b8=Q Bxb8 58. Ba6 h3 0-1

[Event "Sparkassen-Open A"]
[Site "Heusenstamm, Martinsee"]
[Date "2019.11.23"]
[Round "5.58"]
[White "Berkes, Alexander"]
[Black "Foermes, Alexander"]
[Result "0-1"]
[WhiteElo "1833"]
[BlackElo "2074"]
[PlyCount "112"]
[EventDate "2019.??.??"]
[WhiteTeam "SK Langen"]
[BlackTeam "SK Marburg"]

1. e4 c6 2. c4 d5 3. exd5 cxd5 4. cxd5 Nf6 5. Qa4+ Nbd7 6. Nc3 g6 7. Bc4 Bg7 8.
d3 O-O 9. Nf3 a6 10. Qa3 b6 11. O-O Bb7 12. Re1 Re8 13. Be3 b5 14. Bb3 Bf8 15.
Qb4 Nb6 16. Qh4 Nbxd5 17. Ne5 Bg7 18. Bh6 Rf8 19. Ne4 Qb6 20. Ng5 Rad8 21. Bxg7
Kxg7 22. Nexf7 Rxf7 23. Re6 Qc7 24. Nxf7 Kxf7 25. Rxf6+ exf6 26. Bxd5+ Kg7 27.
Be4 Bc8 28. Re1 Re8 29. Rf1 Qc2 30. Qf4 f5 31. Rc1 Qe2 32. Rc7+ Kh8 33. h3 Qxb2
34. Qh6 Qa1+ 35. Rc1 Qxa2 36. Bc6 Rg8 37. Rc5 Qa1+ 38. Kh2 Qd4 39. Rd5 Qxf2 40.
Qg5 Qa7 41. Bd7 Qc7+ 42. Kh1 Qd8 43. Qxd8 Rxd8 44. Be6 Rxd5 45. Bxd5 Kg7 46.
Kg1 Kf6 47. Kf2 Be6 48. Bb7 a5 49. Ke3 Ke5 50. d4+ Kd6 51. Bf3 Bd5 52. Be2 a4
53. Kd2 b4 54. g3 a3 55. Kc2 b3+ 56. Kb1 Be4+ 0-1

[Event "Sparkassen-Open A"]
[Site "Heusenstamm, Martinsee"]
[Date "2019.11.23"]
[Round "5.59"]
[White "Gallasch, Robin"]
[Black "Bashylina, Luisa"]
[Result "1-0"]
[WhiteElo "2072"]
[BlackElo "1868"]
[PlyCount "85"]
[EventDate "2019.??.??"]
[WhiteTeam "SG Porz"]
[BlackTeam "SG Solingen"]

1. d4 Nf6 2. c4 g6 3. Nc3 Bg7 4. e4 d6 5. Nf3 O-O 6. h3 e5 7. dxe5 dxe5 8. Be3
c6 9. c5 Be6 10. Qc2 Nbd7 11. Ng5 Qe7 12. Nxe6 Qxe6 13. Rc1 Nh5 14. Be2 Nf4 15.
O-O Nxe2+ 16. Qxe2 f5 17. f3 Nf6 18. Rfd1 Rad8 19. Rxd8 Rxd8 20. Rd1 Rxd1+ 21.
Qxd1 Qd7 22. Qxd7 Nxd7 23. exf5 gxf5 24. g4 f4 25. Bf2 Nf6 26. Kf1 a6 27. Ke2
Kf7 28. g5 Nd5 29. Ne4 Bf8 30. a3 Ke6 31. h4 Be7 32. Kd3 Bf8 33. b3 Be7 34. Ke2
Kf5 35. Kf1 Bf8 36. Kg2 Be7 37. Kh3 Ne3 38. Bxe3 fxe3 39. Kg3 Bf8 40. Nd6+ Bxd6
41. cxd6 Ke6 42. h5 Kxd6 43. g6 1-0

[Event "Sparkassen-Open A"]
[Site "Heusenstamm, Martinsee"]
[Date "2019.11.23"]
[Round "5.60"]
[White "Eurich, Jannik"]
[Black "Laux, Dominik"]
[Result "0-1"]
[WhiteElo "1859"]
[BlackElo "2066"]
[PlyCount "86"]
[EventDate "2019.??.??"]
[WhiteTeam "SK Langen"]
[BlackTeam "VSG Offenbach"]

1. e4 c6 2. d4 d5 3. e5 Bf5 4. Nf3 e6 5. c3 c5 6. Be2 Nd7 7. O-O Ne7 8. Be3 Nc6
9. Nbd2 Be7 10. Nb3 c4 11. Nbd2 b5 12. b3 O-O 13. Qc1 Qb6 14. a4 a6 15. Ne1 Bg6
16. f4 f6 17. Bf2 Rfc8 18. Nef3 Qc7 19. Qb2 Rab8 20. Qa2 Qb7 21. bxc4 bxc4 22.
Nxc4 dxc4 23. Bxc4 Nf8 24. Bxe6+ Nxe6 25. Qxe6+ Bf7 26. Qg4 Bc4 27. Rfd1 Na5
28. Nh4 fxe5 29. Nf5 Bf8 30. fxe5 Kh8 31. Ne3 Bg8 32. d5 Re8 33. e6 Qc7 34. Nf5
Bxe6 35. dxe6 Rxe6 36. Nxg7 Rg6 37. Qf3 Rc8 38. Nf5 Bc5 39. Rd3 Rf8 40. Rd5
Bxf2+ 41. Kxf2 Nc4 42. h3 Qb6+ 43. Ke1 Qg1+ 0-1

[Event "Sparkassen-Open A"]
[Site "Heusenstamm, Martinsee"]
[Date "2019.11.23"]
[Round "5.61"]
[White "Minor, Viatcheslav"]
[Black "Huck, Robert"]
[Result "1-0"]
[WhiteElo "2060"]
[BlackElo "1832"]
[PlyCount "57"]
[EventDate "2019.??.??"]
[WhiteTeam "SV Eisenach"]
[BlackTeam "SC Königsspringer Alzenau"]

1. e4 e5 2. Bc4 Nf6 3. Nc3 Nc6 4. d3 Bc5 5. f4 d6 6. Nf3 Bg4 7. Na4 Qe7 8. Nxc5
dxc5 9. Bb5 O-O 10. Bxc6 bxc6 11. f5 c4 12. h3 Bxf3 13. Qxf3 cxd3 14. cxd3 Qb4+
15. Ke2 Rad8 16. b3 Qd4 17. Rb1 Nh5 18. g4 Nf4+ 19. Bxf4 exf4 20. Rbd1 g5 21.
h4 f6 22. hxg5 fxg5 23. Rh5 Qb2+ 24. Rd2 Qf6 25. Qf2 h6 26. Qxa7 Rf7 27. Qc5
Re8 28. Rc2 Qa1 29. Rxh6 1-0

[Event "Sparkassen-Open A"]
[Site "Heusenstamm, Martinsee"]
[Date "2019.11.23"]
[Round "5.62"]
[White "Thomele, Michael"]
[Black "Burkhardt, Holger"]
[Result "1-0"]
[WhiteElo "1832"]
[BlackElo "2036"]
[PlyCount "61"]
[EventDate "2019.??.??"]
[WhiteTeam "SC Obernau"]
[BlackTeam "SK Gießen"]

1. e4 d6 2. d4 Nf6 3. Nc3 e5 4. Nge2 exd4 5. Nxd4 Be7 6. Be2 O-O 7. Be3 Re8 8.
Qd2 Bf8 9. Bf3 Nbd7 10. O-O-O Nc5 11. Bg5 h6 12. Bxf6 Qxf6 13. Nd5 Qd8 14. Rde1
c6 15. Nf4 Qc7 16. h4 a5 17. g4 a4 18. g5 hxg5 19. hxg5 g6 20. Nf5 Re5 21. Nh6+
Kg7 22. Nd3 Nxd3+ 23. cxd3 a3 24. Qf4 axb2+ 25. Kb1 Qe7 26. Qh4 Qxg5 27. Nf5+
Kf6 28. Qh8+ Ke6 29. Qxf8 gxf5 30. Rh6+ Kd7 31. Qxd6+ 1-0